Guía ilustrada peces cañon del río Porce, Antioquia / (Registro nro. 17717)

Detalles MARC
000 -CABECERA
Campo de control 01436nam a22003377a 4500
005 - FECHA Y HORA DE LA ULTIMA TRANSACCION
Campo de control 20150827083905.0
008 - ELEMENTOS DE LONGITUD FIJA—INFORMACION GENERAL
Campo de control 150826b2014 ck |||||r|||| 00| 0 spa d
020 ## - ISBN
ISBN 9789585829688
040 ## - FUENTE DE CATALOGACIÓN
Agencia catalogadora original CO-BoIAVH
Agencia transcriptora CO-BoIAVH
041 0# - IDIOMA
Código de idioma para texto/pista de sonido o título separado Español
044 ## - PAÍS DE PUBLICACIÓN
País de publicación Colombia
082 04 - NUMERO DE CLASIFICACION DECIMAL DEWEY
Número de clasificación 597.0723
Número del ítem H55g
100 1# - ASIENTO PRINCIPAL--NOMBRE PERSONAL
Nombre personal Jiménez Segura, Luz Fernanda
9 (RLIN) 7634
245 1# - MENCION DE TITULO
Título Guía ilustrada peces cañon del río Porce, Antioquia /
Mención de responsabilidad Luz Fernanda Jiménez Segura, Jonathan Álvarez Bustamante... [et al]
260 ## - PUBLICACION, DISTRIBUCION, ETC. (PIE DE IMPRENTA)
Lugar de publicación, distribución, etc. Medellín (Colombia):
Nombre del editor, distribuidor, etc. EPM,
-- Universidad de Antioquia,
-- Herbario Universidad de Antioquia,
Fecha de publicación, distribución, etc. 2014.
300 ## - DESCRIPCION FISICA
Extensión 106 p.
Otros detalles físicos ilustraciones y fotografías a color
Dimensiones 24 cm
500 ## - NOTA GENERAL
Nota general Incluye índice de nombres científicos y nombres comunes.<br/>Incluye glosario.
504 ## - NOTA DE BIBLIOGRAFIA, ETC.
Nota de bibliografía Incluye referencias bibliográficas (Páginas 101-103).
650 #6 - ASIENTO SECUNDARIO DE MATERIA - TERMINO TEMATICO
Término temático o nombre geográfico como elemento de entrada Peces
Subdivisión de forma Guía
Subdivisión general Especies
Subdivisión geográfica Antioquia (Colombia)
9 (RLIN) 37513
650 #6 - ASIENTO SECUNDARIO DE MATERIA - TERMINO TEMATICO
Término temático o nombre geográfico como elemento de entrada Peces
Subdivisión de forma Guía
Subdivisión general Taxonomía
Subdivisión geográfica Antioquia (Colombia)
9 (RLIN) 37514
700 1# - ASIENTO SECUNDARIO - NOMBRE PERSONAL
Nombre personal Álvarez Bustamante, Jonathan
9 (RLIN) 37473
700 1# - ASIENTO SECUNDARIO - NOMBRE PERSONAL
Nombre personal Ochoa Orrego, Luz Eneida
9 (RLIN) 37474
700 1# - ASIENTO SECUNDARIO - NOMBRE PERSONAL
Nombre personal Loaiza Santana, Carlos Alejandro
9 (RLIN) 37475
700 1# - ASIENTO SECUNDARIO - NOMBRE PERSONAL
Nombre personal Londoño, Juan Pablo
9 (RLIN) 37476
700 1# - ASIENTO SECUNDARIO - NOMBRE PERSONAL
Nombre personal Restrepo Santamaría, Daniel
9 (RLIN) 37477
700 1# - ASIENTO SECUNDARIO - NOMBRE PERSONAL
Nombre personal Aguirre Restrepo, Katherine
9 (RLIN) 37478
700 1# - ASIENTO SECUNDARIO - NOMBRE PERSONAL
Nombre personal Hernández-Serna, Daniel
9 (RLIN) 37479
700 1# - ASIENTO SECUNDARIO - NOMBRE PERSONAL
Nombre personal Correa Rendón, Juan Diego
9 (RLIN) 37480
700 1# - ASIENTO SECUNDARIO - NOMBRE PERSONAL
Nombre personal Jaramillo Villa, Úrsula
9 (RLIN) 37481
942 ## - ELEMENTOS ADICIONALES (KOHA)
Sistema de clasificación Dewey Decimal Classification
Tipo de ítem Libro
Existencias
Withdrawn status Lost status Sistema de Clasificación Damaged status No para préstamo Colección Inventariado Ubicación Permanente Ubicación actual Fecha de adquisición Fuente de Valor Valor Total Checkouts Número topográfico Inventario / Código de Barras Date last seen Ejemplar Price effective from Forma de adquisición Tipo de material
    Dewey Decimal Classification     General Inventariado 2017 Bogotá Bogotá 26/08/2015 Instituto 39000.00   LB-597.0723 H55g 042131 26/08/2015 Ej. 1 26/08/2015 Canje Libro